000
00200 a2200097 4500
001
25872
100
_a
Stevenson, R L
245
_a
Treasure Island
260
_a
_b
T. Nelson
_c
090
_c
17490
_d
17490
942
_a
NUST-CAE
_c
M
_c
8325
999
_c
260945
_d
260945